| 000 | 00592nam a2200217Ia 4500 | ||
|---|---|---|---|
| 005 | 20250508164159.0 | ||
| 008 | 008 250505s9999 xx 000 0 eng d | ||
| 020 | _a0-7195-7637-7 | ||
| 037 | _aTextBook | ||
| 040 |
_aFEDL _beng _cFEDL |
||
| 041 |
_aeng _2eng |
||
| 084 |
_a574.07, REI _qFEDL |
||
| 100 |
_aReiss Michael Ed. _9777612 |
||
| 245 | 0 | _aTeaching secondary biology | |
| 260 |
_aLondon, UK _bJohn Murray _c1999 |
||
| 300 | _ax,278p. | ||
| 365 |
_aGBP _b13.99 |
||
| 490 | _aJohn Murray Science Practice | ||
| 942 |
_cTB _h574.07, REI |
||
| 999 |
_c1387459 _d1387459 |
||